S Bahn Bern #2 - Statistiken

Allgemein
  • Dieses Quiz wurde 14 mal gespielt
  • Das Durchschnittsergebnis liegt bei 22 aus 60
Antwortstatistiken
Hint Haltestelle % Korrekt
S5 Bern
92%
S6 Bern
92%
S7 Bern
92%
S8 Bern
92%
S9 Bern
92%
Bümpliz Nord
62%
Kerzers
62%
Europaplatz
54%
Ins
54%
Brünnen Westside
46%
Gümmenen
46%
Köniz
46%
Murten
46%
Neuchâtel
46%
Schwarzenburg
46%
Avenches
38%
Faoug
38%
Moos
38%
Payerne
38%
Stöckacker
38%
1. Zw Galmiz
31%
Gasel
31%
Ittigen
31%
Jegenstorf
31%
Lanzenhäusern
31%
Muntelier-Löwenberg
31%
2. Zw Müntschemier
31%
Papiermühle
31%
Rosshäusern
31%
Schönbühl
31%
Schwarzwasserbrücke
31%
Unterzollikofen
31%
Worblaufen
31%
Worblaufen
31%
Worblaufen
31%
Zollikofen
31%
Bolligen
23%
Corcelles Nord
23%
Domdidier
23%
Dompierre
23%
Felsenau
23%
Gampelen
23%
Liebefeld
23%
Marin-Epagnier
23%
Mittelhäusern
23%
Moosseedorf
23%
Oberzollikofen
23%
Schönbühl Schoppyland
23%
St-Blaise-Lac
23%
Stettlen
23%
Tiefenau
23%
Urtenen
23%
Worbboden
23%
Worb Dorf
23%
Zihlbrücke
23%
Deisswil
15%
Niederscherli
15%
Steinibach
15%
Vechigen
15%
Boll-Utzingen
8%
Keine übereinstimmenden Quizze gefunden
Verteilung der Resultate
Anzahl Personen mit jedem Resultat
Perzentil nach korrekt beantworteten Fragen
Ihre Resultats-Entwicklung
Sie haben dieses Quiz noch nicht gespielt